000
00270nam a2200121Ia 4500
008
190216s9999||||xx |||||||||||||| ||und||
100
_a
Muhamed K T
245
0
_a
Kaliyum Karyavum
260
_b
Poorna Pubs Kozhikode
300
_a
87
650
_a
Kathakal
942
_c
BK
999
_c
25100
_d
25100